| 000 | 00602cam a2200241 4500 | ||
|---|---|---|---|
| 008 | 090401t1971 xxu||||| |||| 00| 0 eng d | ||
| 020 | _a0117214760 | ||
| 035 | _a(Sirsi) u19792 | ||
| 041 | _aeng | ||
| 050 | _a690 | ||
| 110 | _aBuilding Research Establishment | ||
| 245 | _aDamp-proofing solid floors. | ||
| 250 | _aRevised ed. | ||
| 260 |
_aLondon _bHMSO _c1971 |
||
| 300 | _a4p. : ill. ; 30cm. | ||
| 350 | _a0 | ||
| 490 |
_aBRE Digest _v54 |
||
| 650 | _aDAMP-PROOFING | ||
| 650 | _aSOLID FLOORS | ||
| 690 | _aBUILT ENVIRONMENT-BUILDING MATERIALS | ||
| 942 | _n0 | ||
| 948 | _c04/03/1997 | ||
| 999 |
_c87712 _d87712 |
||